000 00563nam a2200205Ia 4500
005 20260429111905.0
008 260429s9999||||xx |||||||||||||| ||und||
020 _a9783030983123
041 _aEnglish
082 _a514.2
_bKAM
100 _aKammeyer, Holger
245 0 _aIntroduction to algebraic topology /
_cHolger Kammeyer
260 _aSwitzerland :
_bSpringer,
_c2023.
300 _aviii, 182 p.; pbk
440 _aCompact textbooks in mathematics
650 _a Algebraic topology
650 _a Topology
650 _aMathematics
942 _cTB
999 _c51300
_d51300